Antología del inmigrante

محفوظ في:
التفاصيل البيبلوغرافية
المؤلف الرئيسي: Peña, Horacio
التنسيق: كتاب
اللغة:Undetermined
منشور في: San José, Costa Rica Asociación Libro Libre 1988
الموضوعات:
الوسوم: إضافة وسم
لا توجد وسوم, كن أول من يضع وسما على هذه التسجيلة!

MARC

LEADER 00000nam a2200000Ia 4500
008 170316s9999 xx 000 0 und d
040 |a cru BVZT 
090 |a 860 P-17a 
100 |a Peña, Horacio 
245 |a Antología del inmigrante 
260 |a San José, Costa Rica  |b Asociación Libro Libre  |c 1988 
300 |a 104páginas 
650 |a LITERATURA LATINOAMERICANA 
999 |c 9078  |d 9078 
942 |c 15 D  |h 860 P-17a  |2 z